| 000 | 01938nam a2200337 i 4500 | ||
|---|---|---|---|
| 003 | EG-GICUC | ||
| 005 | 20260121101542.0 | ||
| 008 | 251227s 2000ua ||||fr|||| 00| 0 ara d | ||
| 017 | _a1999/18236 | ||
| 020 | _a9773280136 | ||
| 040 |
_a EG-GICUC _bara _c EG-GICUC _d EG-GICUC _erda |
||
| 041 | 0 | _aara | |
| 082 | 0 | 4 |
_221 _a343.3 _bع د . أ |
| 092 | 0 | 4 | _221 |
| 099 | _aLaw1 10 343.3 ع د . أ 2000 | ||
| 100 | 0 |
_aعدلى أمير خالد _eمؤلف. |
|
| 245 | 1 | 0 |
_aأحكام قانون الإجراءات الجنائية : _bفي ضوء التعديلات الجديدة المضافة بالقانون 1998/174والمستحدث من أحكام النقض والمحكمة الدستورية العليا وتعليمات النيابة العامة / _cالدكتور عدلى أمير خالد. |
| 264 | 1 |
_aالإسكندرية : _bدار الجامعة الجديدة للنشر، _c2000. |
|
| 300 |
_a583 ؛ صفحة _c24 سم. |
||
| 336 |
_2rda content _atext |
||
| 337 |
_2rda media _aComputer |
||
| 338 |
_2rda carrier _aOnline Resource |
||
| 500 | _aويشتمل على الآتي . المستحدث في إجراءات الاستدلال وتحقيقات النيابة. المستحدث في رفع الدعوى الجنائية والحكم فيها. المستحدث في الإدعاء المباشر والإدعاء بالحقوق المدنية. المستحدث في الأوامر الجنائية. المستحدث في ترك وانقضاء الدعوى الجنائية. المستحدث في طرق الطعن والاستشكال في تنفيذ الأحكام. | ||
| 504 | _a. 569 ببليوجرافيا: صفحات | ||
| 546 | _aالنص باللغة العربية | ||
| 650 | 1 | 4 | _a قانون الإجراءات الجنائية |
| 650 | 1 | 4 | _aالقانون الجنائي |
| 856 | 4 | 0 | _uhttps://fll.law.cu.edu.eg/fulltext/bks/B10-05680.pdf |
| 905 | _a77 | ||
| 942 |
_2ddc _cBK _e21 _n0 |
||
| 999 |
_c52772 _d52772 |
||